5HLuxD.jpg

KING HENRY VIII SENIOR AND PRIMARY SCHOOL LIBRARY OPAC

The in-between / (Record no. 3461)

000 -LEADER
fixed length control field 04023cam a2200709 i 4500
001 - CONTROL NUMBER
control field 21747536
003 - CONTROL NUMBER IDENTIFIER
control field OSt
005 - DATE AND TIME OF LATEST TRANSACTION
control field 20240123080938.0
008 - FIXED-LENGTH DATA ELEMENTS--GENERAL INFORMATION
fixed length control field 201008t20212021nyu c 000 1 eng d
010 ## - LIBRARY OF CONGRESS CONTROL NUMBER
LC control number 2020947621
020 ## - INTERNATIONAL STANDARD BOOK NUMBER
International Standard Book Number 9780062916099
Qualifying information (hardback)
035 ## - SYSTEM CONTROL NUMBER
System control number (OCoLC)on1153063227
037 ## - SOURCE OF ACQUISITION
Source of stock number/acquisition Harpercollins Childrens Books, Attn Elaine Nealon 53 Glenmaura National Blvd Ste 300, Moosaic, PA, USA, 18507-2132
Note SAN 200-2086
040 ## - CATALOGING SOURCE
Original cataloging agency YDX
Language of cataloging eng
Transcribing agency YDX
Description conventions rda
Modifying agency BDX
-- NDS
-- OCLCO
-- XY4
-- OCLCO
-- TXG
-- TCH
-- OI6
-- OQX
-- IH9
-- IEP
-- OCLCO
-- FLQ
-- OCLCO
-- OCLCF
-- ILC
-- UAB
-- EHH
-- TXSCH
-- UIU
-- OCLCO
-- LMJ
-- MU4
-- MLSOD
-- NHP
-- JTD
-- OCLCQ
-- OCL
-- IHX
-- DLC
-- KH8
042 ## - AUTHENTICATION CODE
Authentication code lccopycat
082 04 - DEWEY DECIMAL CLASSIFICATION NUMBER
Classification number FIC ANS
Edition number 23
100 1# - MAIN ENTRY--PERSONAL NAME
Personal name Ansari, Rebecca K. S.,
Relator term author.
245 14 - TITLE STATEMENT
Title The in-between /
Statement of responsibility, etc. Rebecca K.S. Ansari.
250 ## - EDITION STATEMENT
Edition statement First edition.
264 #1 - PRODUCTION, PUBLICATION, DISTRIBUTION, MANUFACTURE, AND COPYRIGHT NOTICE
Place of production, publication, distribution, manufacture New York, NY :
Name of producer, publisher, distributor, manufacturer Walden Pond Press, an imprint of HarperCollins Publishers,
Date of production, publication, distribution, manufacture, or copyright notice [2021]
264 #4 - PRODUCTION, PUBLICATION, DISTRIBUTION, MANUFACTURE, AND COPYRIGHT NOTICE
Date of production, publication, distribution, manufacture, or copyright notice ©2021
300 ## - PHYSICAL DESCRIPTION
Extent 313 pages ;
Dimensions 23 cm
336 ## - CONTENT TYPE
Content type term text
Content type code txt
Source rdacontent
337 ## - MEDIA TYPE
Media type term unmediated
Media type code n
Source rdamedia
338 ## - CARRIER TYPE
Carrier type term volume
Carrier type code nc
Source rdacarrier
500 ## - GENERAL NOTE
General note "Author of The Missing Piece of Charlie O'Reilly"--Dust jacket.
520 ## - SUMMARY, ETC.
Summary, etc. Cooper is lost. Ever since his father left their family three years ago, he has become distant from his friends, constantly annoyed by his little sister, Jess, and completely fed up with the pale, creepy rich girl who moved in next door, who won't stop staring at him. So when Cooper learns of an unsolved mystery his sister has discovered online, he welcomes the distraction. It's the tale of a deadly train crash that occurred a hundred years ago in which one young boy among the dead was never identified. The only distinguishing mark on him was a strange insignia on his suit coat, a symbol no one had seen before or since. Jess is fascinated by the mystery of the unknown child -- because she's seen the insignia. And, she tells Cooper, he has too. It's the symbol on the jacket of the girl next door. As they uncover more information -- and mounting evidence of the girl's seemingly impossible connection to the tragedy -- Cooper and Jess begin to wonder if a similar disaster could be heading to their hometown.
521 1# - TARGET AUDIENCE NOTE
Target audience note Ages 8-12.
650 #0 - SUBJECT ADDED ENTRY--TOPICAL TERM
Topical term or geographic name entry element Brothers and sisters
Form subdivision Juvenile fiction.
650 #0 - SUBJECT ADDED ENTRY--TOPICAL TERM
Topical term or geographic name entry element Absentee fathers
Form subdivision Juvenile fiction.
650 #0 - SUBJECT ADDED ENTRY--TOPICAL TERM
Topical term or geographic name entry element Railroad accidents
Form subdivision Juvenile fiction.
650 #0 - SUBJECT ADDED ENTRY--TOPICAL TERM
Topical term or geographic name entry element Magic
Form subdivision Juvenile fiction.
650 #0 - SUBJECT ADDED ENTRY--TOPICAL TERM
Topical term or geographic name entry element Forgiveness
Form subdivision Juvenile fiction.
650 #0 - SUBJECT ADDED ENTRY--TOPICAL TERM
Topical term or geographic name entry element Friendship
Form subdivision Juvenile fiction.
650 #1 - SUBJECT ADDED ENTRY--TOPICAL TERM
Topical term or geographic name entry element Absentee fathers
Form subdivision Fiction.
650 #1 - SUBJECT ADDED ENTRY--TOPICAL TERM
Topical term or geographic name entry element Railroad accidents
Form subdivision Fiction.
650 #1 - SUBJECT ADDED ENTRY--TOPICAL TERM
Topical term or geographic name entry element Mystery and detective stories.
650 #7 - SUBJECT ADDED ENTRY--TOPICAL TERM
Topical term or geographic name entry element JUVENILE FICTION / Fantasy & Magic.
Source of heading or term bisacsh
650 #7 - SUBJECT ADDED ENTRY--TOPICAL TERM
Topical term or geographic name entry element JUVENILE FICTION / Family / Siblings.
Source of heading or term bisacsh
650 #7 - SUBJECT ADDED ENTRY--TOPICAL TERM
Topical term or geographic name entry element JUVENILE FICTION / Social Themes / Friendship.
Source of heading or term bisacsh
650 #7 - SUBJECT ADDED ENTRY--TOPICAL TERM
Topical term or geographic name entry element Fantasy.
Source of heading or term fast
Authority record control number or standard number (OCoLC)fst00920687
650 #7 - SUBJECT ADDED ENTRY--TOPICAL TERM
Topical term or geographic name entry element Absentee fathers.
Source of heading or term fast
Authority record control number or standard number (OCoLC)fst00794698
650 #7 - SUBJECT ADDED ENTRY--TOPICAL TERM
Topical term or geographic name entry element Brothers and sisters.
Source of heading or term fast
Authority record control number or standard number (OCoLC)fst00839671
650 #7 - SUBJECT ADDED ENTRY--TOPICAL TERM
Topical term or geographic name entry element Forgiveness.
Source of heading or term fast
Authority record control number or standard number (OCoLC)fst00932854
650 #7 - SUBJECT ADDED ENTRY--TOPICAL TERM
Topical term or geographic name entry element Friendship.
Source of heading or term fast
Authority record control number or standard number (OCoLC)fst00935174
650 #7 - SUBJECT ADDED ENTRY--TOPICAL TERM
Topical term or geographic name entry element Magic.
Source of heading or term fast
Authority record control number or standard number (OCoLC)fst01005468
650 #7 - SUBJECT ADDED ENTRY--TOPICAL TERM
Topical term or geographic name entry element Railroad accidents.
Source of heading or term fast
Authority record control number or standard number (OCoLC)fst01088560
650 #7 - SUBJECT ADDED ENTRY--TOPICAL TERM
Topical term or geographic name entry element Fathers
Form subdivision Juvenile fiction.
Source of heading or term sears
650 #7 - SUBJECT ADDED ENTRY--TOPICAL TERM
Topical term or geographic name entry element Railroad accidents
Form subdivision Juvenile fiction.
Source of heading or term sears
650 #7 - SUBJECT ADDED ENTRY--TOPICAL TERM
Topical term or geographic name entry element Mystery fiction.
Source of heading or term sears
650 #7 - SUBJECT ADDED ENTRY--TOPICAL TERM
Topical term or geographic name entry element Fathers
Form subdivision Fiction.
Source of heading or term sears
650 #7 - SUBJECT ADDED ENTRY--TOPICAL TERM
Topical term or geographic name entry element Railroad accidents
Form subdivision Fiction.
Source of heading or term sears
655 #7 - INDEX TERM--GENRE/FORM
Genre/form data or focus term Detective and mystery fiction.
Source of term fast
Authority record control number or standard number (OCoLC)fst01726581
655 #7 - INDEX TERM--GENRE/FORM
Genre/form data or focus term Fantasy fiction.
Source of term fast
Authority record control number or standard number (OCoLC)fst01726607
655 #7 - INDEX TERM--GENRE/FORM
Genre/form data or focus term Fiction.
Source of term fast
Authority record control number or standard number (OCoLC)fst01423787
655 #7 - INDEX TERM--GENRE/FORM
Genre/form data or focus term Juvenile works.
Source of term fast
Authority record control number or standard number (OCoLC)fst01411637
655 #7 - INDEX TERM--GENRE/FORM
Genre/form data or focus term Mystery fiction.
Source of term gsafd
655 #7 - INDEX TERM--GENRE/FORM
Genre/form data or focus term Detective and mystery fiction.
Source of term lcgft
655 #7 - INDEX TERM--GENRE/FORM
Genre/form data or focus term Fantasy fiction.
Source of term lcgft
776 08 - ADDITIONAL PHYSICAL FORM ENTRY
Relationship information Online version:
Main entry heading Ansari, Rebecca K.S.
Title In-Between.
Place, publisher, and date of publication Harpercollins 2021
International Standard Book Number 9780062916112
Record control number (OCoLC)1235968951
942 ## - ADDED ENTRY ELEMENTS (KOHA)
Source of classification or shelving scheme
Koha item type Books - Fiction
Holdings
Withdrawn status Lost status Source of classification or shelving scheme Damaged status Not for loan Collection code Permanent Location Current Location Shelving location Date acquired Total Checkouts Total Renewals Full call number Barcode Date last seen Date last checked out Price effective from Koha item type
          Fiction KH8 Primary School Library KH8 Primary School Library Fiction 2024-01-23 4 1 FIC ANS KHPL000004406 2025-12-05 2024-10-08 2024-01-23 Books - Fiction

Powered By KH8 IT Dept